000 00665nam a2200217 a 4500
003 MX-MxUPN
005 20240925063747.0
008 991125s1926 enk r 000 0 eng d
035 _aUPN01000037584
040 _aMX-MxUPN
_bspa
_cMX-MxUPN
041 0 _aeng
050 1 4 _aQA115
_bR8.4 1926
100 1 _aBall, Walter William Rouse,
_d1850-1925
_934209
245 1 0 _aMathematical recreations and essays
250 _a10a ed.
260 _aLondon :
_bMacMillan,
_c1926.
300 _axiii, 366 páginas
650 4 _aMatemáticas
_xEstudio y enseñanza
_93601
710 2 _aMuseo Pedagógico Nacional (México)
_951335
_epropietario anterior
942 _2lcc
_cLIBRO
999 _c37584
_d37584